| 000 | 00591nam a22001457a 4500 | ||
|---|---|---|---|
| 005 | 20241211115933.0 | ||
| 008 | 241211b |||||||| |||| 00| 0 eng d | ||
| 040 | _cPK-LaUMT | ||
| 082 |
_aAPC 297.4092 _bFIR- |
||
| 245 |
_aFird i Farid = فردِ فرید : _bhazrat Khawaja Ghulam Farid kay kalam o pegham ka tahseeni jaizah = حضرت خواجہ غلام فرید کے کلامو پیغام کا تحسینی جائزہ / _ccompiled by Mehr Abdul Haq = مرتبہ مہر عبدالحق |
||
| 260 |
_aMultan : _bNau Bahar Press, _c2006 |
||
| 300 | _a448 p. | ||
| 546 | _aUrdu | ||
| 942 | _cBK | ||
| 999 |
_c136262 _d136262 |
||